Statistics for Austria-Hungary empire and present day countries

Click here to take the quiz!

General Stats

  • This quiz has been taken 1,994 times
    (1,849 since last reset)
  • The average score is 12 of 13

Answer Stats

Country% Correct
Austria
100%
Hungary
99%
Serbia
97%
Slovakia
97%
Slovenia
97%
Croatia
96%
Czech Republic
95%
Bosnia and Herzegovina
94%
Romania
94%
Poland
92%
Italy
89%
Ukraine
85%
Montenegro
84%

Score Distribution

Percentile by Number Answered

Percent of People with Each Score

Your Score History

You have not taken this quiz since the last reset